000 00622nam a2200241 a 4500
999 _c4945
_d4945
001 4945
003 BD-JhCC
005 20171205190317.0
008 171205s1966 c |||| || | 000 0 eng d
035 _a(BD-JhCC)4945
040 _aBD-JhCC
_dBD-JhCC
041 _aeng
082 _a425
_bCAI 1966
100 _aCairns, John
245 _aObjective Questions in English Language /
_cJohn Cairns,
260 _aAfrica :
_bAfrican University Press,
_c1966
300 _a127 p. :
_c25 cm.
650 _aEnglish Language
700 _aPeterside, D Philip
700 _aScott, Ann
942 _2ddc
_cBK